<?xml version="1.0" encoding="UTF-8"?>
<record
    xmlns:xsi="http://www.w3.org/2001/XMLSchema-instance"
    xsi:schemaLocation="http://www.loc.gov/MARC21/slim http://www.loc.gov/standards/marcxml/schema/MARC21slim.xsd"
    xmlns="http://www.loc.gov/MARC21/slim">

  <leader>01537cam a2200361 a 4500</leader>
  <controlfield tag="001">12579991</controlfield>
  <controlfield tag="005">20220326193318.0</controlfield>
  <controlfield tag="008">011025s2000    bl a     bc   000 0 por  </controlfield>
  <datafield tag="010" ind1=" " ind2=" ">
    <subfield code="a">  2001298029</subfield>
  </datafield>
  <datafield tag="020" ind1=" " ind2=" ">
    <subfield code="a">8587220136</subfield>
  </datafield>
  <datafield tag="035" ind1=" " ind2=" ">
    <subfield code="a">(DLC)  200129802</subfield>
  </datafield>
  <datafield tag="040" ind1=" " ind2=" ">
    <subfield code="a">DLC</subfield>
    <subfield code="c">DLC</subfield>
  </datafield>
  <datafield tag="041" ind1="0" ind2=" ">
    <subfield code="a">poreng</subfield>
  </datafield>
  <datafield tag="042" ind1=" " ind2=" ">
    <subfield code="a">lcode</subfield>
  </datafield>
  <datafield tag="043" ind1=" " ind2=" ">
    <subfield code="a">s-bl---</subfield>
  </datafield>
  <datafield tag="082" ind1=" " ind2=" ">
    <subfield code="a">750</subfield>
    <subfield code="b">A555m</subfield>
  </datafield>
  <datafield tag="100" ind1="1" ind2=" ">
    <subfield code="a">Andr&#xE9;, Marcus,</subfield>
    <subfield code="d">1961-</subfield>
    <subfield code="9">2437</subfield>
  </datafield>
  <datafield tag="245" ind1="1" ind2="0">
    <subfield code="a">Marcus Andr&#xE9; :</subfield>
    <subfield code="b">pinturas /</subfield>
    <subfield code="c">[textos, Paulo Sergio Duarte, S&#xF4;nia Salzstein ; entrevista, Daniela Name ; pesquisa, Adriana Tabalipa].</subfield>
  </datafield>
  <datafield tag="246" ind1="1" ind2=" ">
    <subfield code="i">Subtitle on t.p. verso:</subfield>
    <subfield code="a">Paintings.</subfield>
  </datafield>
  <datafield tag="260" ind1=" " ind2=" ">
    <subfield code="a">Rio de Janeiro, RJ, Brasil :</subfield>
    <subfield code="b">Canal Contempor&#xE2;neo :</subfield>
    <subfield code="b">Editora Casa da Palavra,</subfield>
    <subfield code="c">c2000.</subfield>
  </datafield>
  <datafield tag="300" ind1=" " ind2=" ">
    <subfield code="a">156 p. :</subfield>
    <subfield code="b">ill. (chiefly col.) ;</subfield>
    <subfield code="c">24 x 30 cm.</subfield>
  </datafield>
  <datafield tag="504" ind1=" " ind2=" ">
    <subfield code="a">Includes bibliographical references (p. [155]-156).</subfield>
  </datafield>
  <datafield tag="505" ind1=" " ind2=" ">
    <subfield code="t">Canal contemporaneo/ apresentacao/ foreword</subfield>
    <subfield code="t">Entrevista com Marcus Andr&#xE9; </subfield>
    <subfield code="r">Daniela Name </subfield>
    <subfield code="t">Fogo sem mat&#xE9;ria </subfield>
    <subfield code="r">Sonia Salztein </subfield>
    <subfield code="t">Essas telas s&#xF3; se entregam por inteiro </subfield>
    <subfield code="r">Paulo Sergio Duarte </subfield>
    <subfield code="t">Reproducoes / plates </subfield>
    <subfield code="t">Cronologia/cronology</subfield>
    <subfield code="t">Bibliografia/ bibliography</subfield>
  </datafield>
  <datafield tag="546" ind1=" " ind2=" ">
    <subfield code="a">Portuguese and English.</subfield>
  </datafield>
  <datafield tag="600" ind1="1" ind2="0">
    <subfield code="a">Andr&#xE9;, Marcus,</subfield>
    <subfield code="d">1961-</subfield>
    <subfield code="v">Catalogs.</subfield>
    <subfield code="9">2438</subfield>
  </datafield>
  <datafield tag="650" ind1=" " ind2="0">
    <subfield code="a">Painting, Abstract</subfield>
    <subfield code="z">Brazil</subfield>
    <subfield code="v">Catalogs.</subfield>
    <subfield code="9">2439</subfield>
  </datafield>
  <datafield tag="700" ind1="1" ind2=" ">
    <subfield code="a">Duarte, Paulo S&#xE9;rgio.</subfield>
    <subfield code="9">2440</subfield>
  </datafield>
  <datafield tag="700" ind1="1" ind2=" ">
    <subfield code="a">Salzstein, S&#xF4;nia.</subfield>
    <subfield code="9">2441</subfield>
  </datafield>
  <datafield tag="700" ind1="1" ind2=" ">
    <subfield code="a">Name, Daniela.</subfield>
    <subfield code="9">2442</subfield>
  </datafield>
  <datafield tag="700" ind1="1" ind2=" ">
    <subfield code="a">Tabalipa, Adriana.</subfield>
    <subfield code="9">2443</subfield>
  </datafield>
  <datafield tag="906" ind1=" " ind2=" ">
    <subfield code="a">7</subfield>
    <subfield code="b">cbc</subfield>
    <subfield code="c">origode</subfield>
    <subfield code="d">2</subfield>
    <subfield code="e">ncip</subfield>
    <subfield code="f">20</subfield>
    <subfield code="g">y-gencatlg</subfield>
  </datafield>
  <datafield tag="999" ind1=" " ind2=" ">
    <subfield code="c">529</subfield>
    <subfield code="d">529</subfield>
  </datafield>
  <datafield tag="952" ind1=" " ind2=" ">
    <subfield code="0">0</subfield>
    <subfield code="1">0</subfield>
    <subfield code="2">ddc</subfield>
    <subfield code="4">0</subfield>
    <subfield code="7">0</subfield>
    <subfield code="a">LV</subfield>
    <subfield code="b">LV</subfield>
    <subfield code="c">Monograf&#xED;as</subfield>
    <subfield code="d">2015-04-22</subfield>
    <subfield code="l">0</subfield>
    <subfield code="o">750 A555m</subfield>
    <subfield code="p">000570</subfield>
    <subfield code="r">2015-04-22 00:00:00</subfield>
    <subfield code="w">2015-04-22</subfield>
    <subfield code="y">01</subfield>
  </datafield>
</record>
